Etats d'Inde - Choix Multiples - Statistiques

Statistiques générales
  • Ce quiz a été pris 51 fois
  • Le résultat moyen est 8 sur 10
Statistiques - réponses
Question Réponse % Correct
Tamil Nadu
96%
Sikkim
93%
Maharashtra
93%
Goa
79%
Bihar
75%
Lakshadweep
75%
Jharkhand
68%
Gujarat
68%
Ladakh
57%
Mizoram
57%
Aucun quiz correspondant
Distribution des résultats
% des personnes avec chaque résultat
Percentile par nombre de réponses
Votre historique - résultats
Vous n’avez pas pris ce quiz